| 000 | 07725nam a22007217a 4500 | ||
|---|---|---|---|
| 005 | 20090121100951.0 | ||
| 008 | 090120t xxu||||| |||| 00| 0 eng d | ||
| 010 | _aB-344987-345023 | ||
| 020 |
_a9788123749549 _c30.00 |
||
| 035 | _aB-344987-345023 | ||
| 035 | _aB-357771 | ||
| 037 | _bTarun Books | ||
| 040 |
_adpl _bEnglish |
||
| 082 | _2S | ||
| 100 | _aBond, Ruskin | ||
| 245 |
_aAnimals you can't forget / _cby Ruskin Bond; illustrated by Debasish Deb |
||
| 260 |
_aNew Delhi _bNational Book Trust _c2007 |
||
| 270 |
_aA-5, Green Park _bNew Delhi _e110016 |
||
| 300 |
_a40p.: _bill. _c24cm. (pbk) |
||
| 650 | _aChildren's stories, English | ||
| 700 | _aDeb, Debasish | ||
| 942 |
_2ddc _cCH _hS _mBON |
||
| 999 |
_c21848 _d21848 |
||